00870nam a2200241Ia 4500003000400000005001700004008004100021020002200062040000700084041000800091082002500099100004800124245009000172250000600262260003600268300001700304365001700321650002400338906009400362942001200456999001900468952014100487OSt20230519124140.0210423s2009 xx 000 0 und d a978-0-387-76500-6 cAL aeng a620.11299223b WILT aWILLIAMS (David B);CARTER (C Barry)9109667 aTransmission electron microscopy: part 1: basics Ed 2bTextbook for materials science a2 aNew YorkbSpringer Verlagc2009 alxii,193bPB b1311.56cINR aEngineering9109668 a1: ; basics ; Ed ; electron ; materials ; microscopy: ; science ; Textbook ; Transmission 2ddccBK c166861d166861 001040708PHYaSACPGbSACPGd2015-05-06eBiblios Book Pointg1311.56l0o620.11299 WILTpPG013362r2022-08-24 00:00:00w2021-04-26yBK